• 首页
  • 本馆介绍
  • 公告通知
  • 最新文献
  • 馆藏检索
  • 电子资源
  • 读者导购
  • 参考咨询
  • 我的图书馆
  • 登录
  • 详细信息显示
  • 放入我的书架
  • 预约/预借图书
  • 作者相关作品
  • 分类相关作品
  • 丛书相关作品
  • 出版社相关作品

书目信息

  • 表格格式
  • 工作单格式
  • 卡片格式
题名:
断奶方法和食谱
    
 
作者: (日)落合敏著
分册:  
出版信息: 上海   上海科学普及出版社  1989.08
页数: 140页
开本: 32开
丛书名:
单 册:
中图分类: R155.1
科图分类:
主题词: 营养卫生 , 食品卫生 , 饮食卫生 , 食品卫生学
电子资源:
ISBN: 7-5427-0178-9
000 00621nam0 2200217 45
001 9911301546
005 19991130154112.1
010    @a7-5427-0178-9@d1.80
100    @a19991130d1989 km y0chiy0120 ea
101    @achi
105    @a z 000yy
200 1  @a断奶方法和食谱@ADuan Nai Fang Fa He Shi Pu@f(日)落合敏著@F(Ri)Luo He Min Zhu@g张羽静译
210    @a上海@c上海科学普及出版社@d1989.08
215    @a140页@c无图表@d32开
606 0  @a营养卫生
606 0  @a食品卫生
606 0  @a饮食卫生
606 0  @a食品卫生学
690    @aR155.1@v3
801    @aCN@bPerfectUser@c19991130
905    @aBZT@b25670-671@f2@dR155.1@e1
    
    断奶方法和食谱/(日)落合敏著/张羽静译.-上海:上海科学普及出版社,1989.08
    140页:无图表;32开
    
    
    ISBN 7-5427-0178-9:1.80
    
●
相关链接 在五车中查询图书 在当当中查询图书 在豆瓣中查询图书


正题名:断奶方法和食谱     索取号:R155.1/1         预约/预借

序号 登录号 条形码 馆藏地/架位号 状态 备注
1 25670   200165917   中心书库中库/ 中库001架B面1列7层49/ [索取号:R155.1/1] 在馆    
2 25671   200165926   中心书库中库/ 中库001架B面1列7层50/ [索取号:R155.1/1] 在馆    
山东省滨州职业学院图书馆 欢迎您!
大连网信软件有限公司© 版权所有